000 01780nam a2200445 c 4500
999 _c48592
_d48592
001 48592
003 ES-MaCES
005 20250526142653.0
007 cr |||||||||||
008 161130s2016 sp 000 ||spa d
017 _aNA 1729-2016
_bDL
020 _a9788491354161
040 _aES-MaCES
_bspa
_cES-MaCES
100 1 _937576
_aFuentes García-Romero de Tejada, Carlos de
245 1 0 _aCompatibilidad entre prestaciones sociales por discapacidad y empleo
_b: un medio para lograr la inserción laboral de las personas con enfermedad mental grave
_cCarlos de Fuentes García-Romero de Tejada : pr., Mª Yolanda Sánchez-Urán Azaña
250 _a1ª ed
260 _aCizur Menor (Navarra)
_bAranzadi-Thomson Reuters
_c2016
300 _a186 p.
_c24 cm
490 1 _aEstudios
500 _aDisponible en formato electrónico mediante la aplicación PROVIEW
504 _aBibliografía: p. 171-186
541 _cCompra
650 4 _apersona con discapacidad mental
_929216
650 4 _atrabajador con discapacidad
_928406
650 4 _aprotección social
_929076
650 4 _arégimen universal de prestaciones
_930153
650 4 _aprestaciones de invalidez
_927036
650 4 _aempleo
_928299
650 4 _ainserción profesional
_929942
650 4 _aigualdad de oportunidades
_927183
650 4 _alegislación de seguridad social
_929855
650 4 _aEspaña
_926964
650 4 _arégimen jurídico
_929894
653 1 0 _aDerecho del trabajo y Seguridad Social
700 1 _937509
_aSánchez-Urán Azaña, María Yolanda
_epr.
830 0 _aEstudios (Thomson Reuters-Aranzadi)
_934937
856 4 _uhttps://legalteca.aranzadilaley.es/my-library?sponsor=82111144-IP
_yLegalteca
902 _aLIB Libro
942 _2CES
_cBK
_h6.0.1.